| Поле | Название | Значение |
| |
Тип записи |
a |
| |
Библиографический уровень |
m |
| 001 |
Контрольный номер |
SKBR/3817847f-1546-4fe8-bb2c-e5bce880e752 |
| 005 |
Дата корректировки |
20260515110954.8 |
| 010 |
Индекс ISBN |
__ |
| a |
ISBN |
978-5-6052181-6-6 |
| b |
Уточнения |
в пер. |
| 9 |
Тираж |
2500 |
| 035 |
Другие системные номера |
__ |
| a |
Идентификатор записи |
RU/Тюменская ОНБ/EKC/84/Т 58-433978186 |
| 100 |
Данные общей обработки |
__ |
| a |
Данные общей обработки |
20250404d2025 c y0rusy5050 ca |
| 101 |
Язык документа |
0_ |
| a |
Язык текста |
rus |
| 102 |
Страна публикации |
__ |
| a |
Страна публикации |
RU |
| 105 |
Кодированные данные (монография) |
__ |
| a |
Кодированные данные (монография) |
a z 000zy |
| 200 |
Заглавие и сведения об ответственности |
1_ |
| a |
Заглавие |
Зайка-читайка и Раечка |
| e |
Сведения, относящиеся к заглавию |
рассказы для детей |
| e |
Сведения, относящиеся к заглавию |
для чтения взрослым детям |
| f |
Первые сведения об ответственности |
Виктория Топоногова |
| g |
Последующие сведения об ответственности |
рисунки Наташи Ткаченко |
| 210 |
Выходные данные |
1_ |
| a |
Место издания |
Москва |
| c |
Издательство |
Архипелаг |
| d |
Дата издания |
2025 |
| 215 |
Физическое описание |
__ |
| a |
Объем |
55 с. |
| c |
Иллюстрации/тип воспроизводства |
цв. ил. |
| d |
Формат |
27 см |
| 330 |
Аннотация |
__ |
| a |
Аннотация |
Любознательной Раечке очень нравятся книжки, которые ей читает бабушка, а вот сама она читать ещё не умеет. Однажды, когда бабушка приболела, девочка расстроилась, что нескоро узнает, сумеет ли прекрасная принцесса из сказки спастись от злого дракона... И тут в её комнате появился волшебный Зайка-Читайка с певче-печатной машинкой и предложил научиться читать самостоятельно! Коварная Лайка-Забывайка, давняя соперница Зайки, то и дело вставляет друзьям палки в колёса, но это не мешает Раечке учиться читать свои первые слоги и слова, попутно решая разные ребусы. |
| 333 |
Примечание о целевом назначении |
__ |
| a |
Примечание о целевом назначении |
информационная продукция для детей, не достигших возраста шести лет |
| 333 |
Примечание о целевом назначении |
__ |
| a |
Примечание о целевом назначении |
для детей младшего возраста, 5-10 лет |
| 610 |
Ключевые слова |
1_ |
| a |
Ключевые слова |
художественная литература русская |
| 610 |
Ключевые слова |
1_ |
| a |
Ключевые слова |
детская литература |
| 610 |
Ключевые слова |
1_ |
| a |
Ключевые слова |
литературные сказки |
| 610 |
Ключевые слова |
1_ |
| a |
Ключевые слова |
познавательные сказки |
| 686 |
Индексы других классификаций |
__ |
| 2 |
Код системы |
rubbk |
| a |
Классификационный индекс |
84(2=411.2)6-45 |
| v |
Номер издания |
LBC/M |
| 686 |
Индексы других классификаций |
__ |
| 2 |
Код системы |
rugasnti |
| a |
Классификационный индекс |
17.82.93 |
| 700 |
Автор |
_1 |
| a |
Фамилия |
Топоногова |
| b |
Имя |
В.В. |
| g |
Полное личное имя |
Виктория Викторовна |
| f |
Даты |
1971- |
| 3 |
Контрольный № нормативной записи |
RU\NLR\AUTH\770127914 |
| 4 |
Код отношения |
070 |
| 702 |
Вторичная интеллектуальная ответственность |
_1 |
| a |
Фамилия |
Ткаченко |
| b |
Имя |
Н. |
| g |
Полное личное имя |
Наталья |
| 4 |
Код отношения |
440 |
| 801 |
Источник записи |
_2 |
| b |
Организация |
Тюменская ОНБ |
| a |
Страна |
RU |
| c |
Дата составления |
20250404 |
| 801 |
Источник записи |
_1 |
| b |
Организация |
Тюменская ОНБ |
| a |
Страна |
RU |
| c |
Дата составления |
20250415 |
| 901 |
Тип документа |
__ |
| a |
Ответственный |
заим. |